| 000 | 00663nam a22002057a 4500 | ||
|---|---|---|---|
| 003 | OSt | ||
| 005 | 20240221100604.0 | ||
| 008 | 191008t xxu||||| |||| 00| 0 eng d | ||
| 020 | _a9781844487578 | ||
| 040 | _c0 | ||
| 082 |
_a739.23 _bBON |
||
| 100 | 1 |
_aBone,Elizabeth _9120959 |
|
| 245 | 1 | 0 |
_aSilvers Mithing for Jewellery makers: _bTechniques,treatments & applications for inspirational design/ _cElizabeth Bone |
| 260 |
_bSearch Press; _c2012. |
||
| 300 |
_a192 p.: _bill; _c24 cm. |
||
| 650 |
_aSilverwork _9120960 |
||
| 650 |
_aJewelry making _9120961 |
||
| 942 |
_2ddc _cBK _aSADA _k739.23 BON 2012 |
||
| 999 |
_c607955 _d607955 |
||